Normal view
MARC view
Entry Personal Name
001 - CONTROL NUMBER
- control field: 548090
003 - CONTROL NUMBER IDENTIFIER
- control field: OSt
005 - DATE AND TIME OF LATEST TRANSACTION
- control field: 20220930092202.0
008 - FIXED-LENGTH DATA ELEMENTS
- fixed length control field: 220930|| aca||aabn | a|a d
040 ## - CATALOGING SOURCE
- Original cataloging agency: OSt
- Transcribing agency: OSt
100 ## - HEADING--PERSONAL NAME
- Personal name: Kulwinder Kaur Gu
670 ## - SOURCE DATA FOUND
- Source citation: Work cat.: (OSt)883366: Dilipbhai Patel Linaben 548089, Micro neclear cervical cytological abnormalities in women at high risk for cervical carcinoma, 2014
